[Event "FIDE World Rapid Team"]
[Site "Almaty KAZ"]
[Date "2024.08.03"]
[Round "7.11"]
[White "Ju, Wenjun"]
[Black "Khotenashvili, Bella"]
[Result "1-0"]
[WhiteTitle "GM"]
[BlackTitle "GM"]
[WhiteElo "2563"]
[BlackElo "2427"]
[WhiteTeam "Decade China Team"]
[BlackTeam "Ashdod Chess Club"]
[WhiteFideId "8603006"]
[BlackFideId "13602640"]
[EventDate "2024.08.02"]

1. e4 c6 2. d4 d5 3. e5 Bf5 4. h4 h5 5. Bd3 Bxd3 6. Qxd3 Qa5+ 7. Nd2 e6 8. Nf3
Nh6 9. c4 Nf5 10. b3 Nd7 11. O-O Rd8 12. Rd1 Be7 13. g3 O-O 14. Bb2 Qa6 15. Qc2
Rc8 16. a4 b6 17. Ba3 Bxa3 18. Rxa3 Rfd8 19. b4 dxc4 20. Nxc4 Nf8 21. Rc3 Rd5
22. Ne3 Nxe3 23. fxe3 Qb7 24. Ng5 Qe7 25. Rf1 f6 26. exf6 gxf6 27. Nh3 Rd7 28.
Rxc6 Rxc6 29. Qxc6 Qxb4 30. Rxf6 Qe1+ 31. Kg2 Rg7 32. Ng5 Qe2+ 33. Rf2 Qxe3 34.
Qe8 Qa3 35. Qxh5 Qe7 36. Qe2 Qb7+ 37. Kh2 Qd5 38. Qh5 Qd7 39. Ne4 Nh7 40. Qe5
Rf7 41. Rxf7 Qxf7 42. h5 Kf8 43. Kg2 Kg8 44. g4 Kf8 45. Kg3 Kg8 46. Kh4 Qe7+ 47.
g5 Qd7 48. g6 Qe7+ 49. Kg4 Nf8 50. Nf6+ Kh8 51. Nd7+ Kg8 52. Nxf8 Qxf8 53. Qxe6+
Kg7 54. Qd7+ 1-0

[Event "FIDE World Rapid Team"]
[Site "Almaty KAZ"]
[Date "2024.08.03"]
[Round "7.14"]
[White "Yakubboev, Nodirbek"]
[Black "Maghsoodloo, Parham"]
[Result "1/2-1/2"]
[WhiteTitle "GM"]
[BlackTitle "GM"]
[WhiteElo "2655"]
[BlackElo "2723"]
[WhiteTeam "Royal Chess"]
[BlackTeam "Al-Ain ACMG UAE"]
[WhiteFideId "14203987"]
[BlackFideId "12539929"]
[EventDate "2024.08.02"]

1. d4 Nf6 2. c4 e6 3. Nf3 b6 4. g3 Ba6 5. Qc2 c5 6. d5 exd5 7. cxd5 Bb7 8. Bg2
Nxd5 9. O-O Be7 10. Rd1 Nc6 11. a3 Nc7 12. Nc3 O-O 13. Bf4 Ne6 14. e3 Nxf4 15.
gxf4 d6 16. Rd5 h6 17. Rad1 Qe8 18. Rh5 Rd8 19. Nd5 f6 20. Rf5 g6 21. Nc7 Qd7
22. Rxc5 f5 23. Rc3 Qxc7 24. Nd4 Nxd4 25. Rxc7 Nxc2 26. Bxb7 Nxe3 27. fxe3 Bf6
28. Bd5+ Kh8 29. Rxa7 Rfe8 30. Rc1 Rc8 31. Rxc8 Rxc8 32. b4 Bh4 33. Ra8 Rxa8 1/2-1/2

[Event "FIDE World Rapid Team"]
[Site "Almaty KAZ"]
[Date "2024.08.03"]
[Round "7.15"]
[White "Artemiev, Vladislav"]
[Black "Vokhidov, Shamsiddin"]
[Result "1-0"]
[WhiteTitle "GM"]
[BlackTitle "GM"]
[WhiteElo "2699"]
[BlackElo "2643"]
[WhiteTeam "Al-Ain ACMG UAE"]
[BlackTeam "Royal Chess"]
[WhiteFideId "24101605"]
[BlackFideId "14204223"]
[EventDate "2024.08.02"]

1. c4 e5 2. d3 Nf6 3. Nf3 Nc6 4. g3 d5 5. cxd5 Nxd5 6. Bg2 Be7 7. Nc3 Be6 8. O-O
O-O 9. Bd2 Qd7 10. Rc1 Nxc3 11. bxc3 Rfd8 12. Qc2 Bh3 13. Qb3 Bxg2 14. Kxg2 b6
15. Rfd1 Na5 16. Qc2 Qe6 17. Be3 c5 18. Qa4 f5 19. d4 e4 20. Nd2 Rac8 21. dxc5
Bxc5 22. Bxc5 Rxc5 23. Nxe4 Rcd5 24. Ng5 Qxe2 25. Re1 Qb5 26. Qxb5 Rxb5 27. Re7
Nc6 28. Rc7 Ne5 29. Rxa7 h6 30. Ne6 Rd7 31. Rxd7 Nxd7 32. Nd4 Ra5 33. Rb1 g6 34.
Rb2 Kf7 35. Nb5 Ra4 36. h4 f4 37. Rb4 Rxb4 38. cxb4 fxg3 39. fxg3 Ke6 40. a4 Kd5
41. Nc7+ Kd6 42. Nb5+ Kd5 43. a5 bxa5 44. bxa5 Kc5 45. Nc7 Kd6 46. Ne8+ Ke7 47.
Nc7 Kd6 48. Na8 Kc6 49. Kf3 Kb5 50. Nc7+ Kxa5 51. Nd5 Kb5 52. Ne7 g5 53. h5 Nf6
54. g4 Kc5 55. Kg3 Ne4+ 56. Kg2 Nf6 57. Kf3 Kd6 58. Nf5+ Ke6 59. Nxh6 Nd7 60.
Nf5 Ne5+ 61. Kg3 Kf6 62. Nd6 Ke6 1-0

[Event "FIDE World Rapid Team"]
[Site "Almaty KAZ"]
[Date "2024.08.03"]
[Round "7.16"]
[White "Vakhidov, Jakhongir"]
[Black "Andreikin, Dmitry"]
[Result "0-1"]
[WhiteTitle "GM"]
[BlackTitle "GM"]
[WhiteElo "2571"]
[BlackElo "2729"]
[WhiteTeam "Royal Chess"]
[BlackTeam "Al-Ain ACMG UAE"]
[WhiteFideId "14201801"]
[BlackFideId "4158814"]
[EventDate "2024.08.02"]

1. c4 e6 2. g3 d5 3. Bg2 Nf6 4. Nf3 Be7 5. O-O O-O 6. d3 Nc6 7. Nbd2 d4 8. Nb3
e5 9. e3 a5 10. a4 dxe3 11. Bxe3 Ng4 12. Bc5 Bxc5 13. Nxc5 Qe7 14. Ne4 Rd8 15.
Qe2 Nh6 16. Nc3 Bg4 17. Nb5 Nf5 18. Qe4 Bxf3 19. Qxf3 Nfd4 20. Qd1 Nb4 21. Bxb7
Rab8 22. Be4 g6 23. Rc1 c6 24. Nxd4 Rxd4 25. Qe2 f5 26. Bg2 Nxd3 27. Rc2 Qc5 28.
Rd1 e4 29. Qe3 Rbd8 30. Bf1 Ne5 31. Rxd4 Qxd4 32. Be2 Qxe3 33. fxe3 c5 34. Kf2
Kg7 35. Ke1 Kf6 36. Rc3 Rb8 37. b3 g5 38. Kf2 h5 39. h4 Rd8 40. Rc2 Nd3+ 41. Kf1
Ne5 42. hxg5+ Kxg5 43. Ke1 h4 44. gxh4+ Kxh4 45. Kf2 Nd3+ 46. Kf1 Nb4 47. Rb2
Kg5 48. Kf2 f4 49. exf4+ Kxf4 50. Bf1 Rd3 51. Ke1 Re3+ 52. Kd2 Rf3 53. Ke1 Ke3
54. Rh2 Nd3+ 55. Bxd3 exd3 56. Rh1 d2+ 57. Kd1 Kd3 0-1

[Event "FIDE World Rapid Team"]
[Site "Almaty KAZ"]
[Date "2024.08.03"]
[Round "7.17"]
[White "Zhu, Jiner"]
[Black "Nurman, Alua"]
[Result "1/2-1/2"]
[WhiteTitle "GM"]
[BlackTitle "WIM"]
[WhiteElo "2479"]
[BlackElo "2324"]
[WhiteTeam "Al-Ain ACMG UAE"]
[BlackTeam "Royal Chess"]
[WhiteFideId "8608059"]
[BlackFideId "13729390"]
[EventDate "2024.08.02"]

1. e4 c5 2. Nf3 d6 3. d4 cxd4 4. Qxd4 Nc6 5. Qe3 g6 6. Nc3 Bg7 7. Bc4 Nf6 8. h3
O-O 9. O-O Na5 10. Be2 a6 11. Rd1 Qc7 12. e5 dxe5 13. Qxe5 Qxe5 14. Nxe5 Be6 15.
Bf4 Rac8 16. Bf3 b5 17. a3 Bf5 18. Rac1 h5 19. g4 hxg4 20. hxg4 Be6 21. Ne2 Rfd8
22. b4 Nc4 23. Bb7 Nxe5 24. Bxe5 Rxd1+ 25. Rxd1 Rxc2 26. Nd4 Ra2 27. Nxe6 fxe6
28. Rd8+ Kf7 29. Bxa6 Nd5 30. Bxg7 Kxg7 31. Bxb5 Rxa3 32. Bc4 Nxb4 33. Bxe6 Kf6
34. Bc4 Kg5 35. Be2 Ra2 36. Bf3 e5 37. Kg2 Nc2 38. Kg3 Ra3 39. Re8 Kf6 40. Kh2
Kf7 41. Rc8 Rxf3 42. Rxc2 1/2-1/2

[Event "FIDE World Rapid Team"]
[Site "Almaty KAZ"]
[Date "2024.08.03"]
[Round "7.18"]
[White "Khassenov, Mansur"]
[Black "Galymzhanuly, Ibragim"]
[Result "0-1"]
[WhiteElo "1982"]
[BlackElo "1929"]
[WhiteTeam "Royal Chess"]
[BlackTeam "Al-Ain ACMG UAE"]
[WhiteFideId "13768700"]
[BlackFideId "13727915"]
[EventDate "2024.08.02"]

1. c4 c6 2. Nc3 d5 3. cxd5 cxd5 4. d4 Nf6 5. Bf4 Nc6 6. e3 e6 7. Bd3 Bd6 8. Bxd6
Qxd6 9. f4 O-O 10. Nf3 a6 11. O-O b5 12. Ne5 Ne7 13. Rf3 Bb7 14. Rh3 g6 15. g4
Kg7 16. g5 Ne4 17. Ng4 Nf5 18. Nxe4 dxe4 19. Nf6 h5 20. Bxe4 Bxe4 21. Nxe4 Qc6
22. Nf6 Rac8 23. e4 Nd6 24. Rc3 Qb7 25. Qd3 Rxc3 26. bxc3 Rc8 27. Rc1 Qc7 28. e5
Nf5 29. Ne4 Qc6 30. Nc5 Qd5 31. Qe2 Rc6 32. Qg2 Rxc5 33. dxc5 Qxc5+ 34. Qf2 Qd5
35. Qg2 Qd3 36. Qf2 h4 37. Rf1 Qxc3 38. Qf3 Qd4+ 39. Qf2 Qd5 40. Qe2 h3 41. Qf3
Qd4+ 42. Rf2 Ne3 43. Re2 Nd5+ 44. Qf2 Qd1+ 45. Re1 Qg4+ 46. Qg3 Qf5 47. Rf1 a5
48. a3 b4 49. axb4 axb4 50. Qf3 b3 51. Qxb3 Nxf4 52. Qf3 Qxg5+ 53. Qg3 Ne2+ 0-1

[Event "FIDE World Rapid Team"]
[Site "Almaty KAZ"]
[Date "2024.08.03"]
[Round "7.1"]
[White "Mamedyarov, Shakhriyar"]
[Black "Rapport, Richard"]
[Result "1/2-1/2"]
[WhiteTitle "GM"]
[BlackTitle "GM"]
[WhiteElo "2733"]
[BlackElo "2715"]
[WhiteTeam "Kazchess"]
[BlackTeam "Chessy"]
[WhiteFideId "13401319"]
[BlackFideId "738590"]
[EventDate "2024.08.02"]

1. d4 d5 2. c4 c6 3. Nf3 Nf6 4. Nc3 dxc4 5. a4 Bf5 6. Ne5 Nbd7 7. Nxc4 Nb6 8.
Ne5 a5 9. h4 e6 10. f3 h6 11. e4 Bh7 12. Be3 Nfd7 13. Nd3 Bd6 14. Bf2 Qc7 15. g4
Bg3 16. Qe2 Nb8 17. Bxg3 Qxg3+ 18. Qf2 Qd6 19. Nc5 N6d7 20. e5 Qe7 21. N5e4 O-O
22. O-O-O b5 23. g5 b4 24. Ne2 c5 25. Rg1 Bxe4 26. fxe4 h5 27. Nf4 cxd4 28. Kb1
Nxe5 29. Nxh5 Rd8 30. Bb5 d3 31. Nf6+ Kh8 32. h5 Nbd7 33. Nxd7 Nxd7 34. Rxd3 Ne5
35. Rdg3 Qa7 36. Qf4 Qd4 37. Rh1 Kg8 38. g6 f5 39. h6 Qxe4+ 40. Qxe4 fxe4 41.
Ka2 gxh6 42. Rxh6 Kg7 43. Rh4 Rd4 44. Rh5 Rd5 45. Rh4 Rd4 46. Rh5 Rd5 47. Rh4 1/2-1/2

[Event "FIDE World Rapid Team"]
[Site "Almaty KAZ"]
[Date "2024.08.03"]
[Round "7.2"]
[White "Martirosyan, Haik M."]
[Black "Svidler, Peter"]
[Result "1-0"]
[WhiteTitle "GM"]
[BlackTitle "GM"]
[WhiteElo "2667"]
[BlackElo "2698"]
[WhiteTeam "Chessy"]
[BlackTeam "Kazchess"]
[WhiteFideId "13306553"]
[BlackFideId "4102142"]
[EventDate "2024.08.02"]

1. d4 d5 2. c4 e6 3. Nf3 a6 4. cxd5 exd5 5. Nc3 h6 6. Bf4 Nf6 7. e3 Bd6 8. Bxd6
Qxd6 9. Qc2 O-O 10. Bd3 Nc6 11. a3 Ne7 12. h3 g6 13. O-O Bf5 14. Rac1 c6 15. b4
Bxd3 16. Qxd3 Nf5 17. Na4 Qe7 18. Nc5 Nd6 19. a4 Nfe4 20. Ne5 Kg7 21. Qc2 a5 22.
b5 cxb5 23. axb5 Rfc8 24. Qb2 f6 25. Ned3 Nc4 26. Qa2 b6 27. Nxe4 Qxe4 28. Nf4
Qf5 29. Rc3 Qd7 30. Rfc1 Qxb5 31. e4 Qd7 32. exd5 b5 33. Qb1 f5 34. Rg3 Ra6 35.
Ne6+ Rxe6 36. dxe6 Qxe6 37. Qxb5 Nd6 38. Qb1 1-0

[Event "FIDE World Rapid Team"]
[Site "Almaty KAZ"]
[Date "2024.08.03"]
[Round "7.3"]
[White "Grischuk, Alexander"]
[Black "Sarana, Alexey"]
[Result "1/2-1/2"]
[WhiteTitle "GM"]
[BlackTitle "GM"]
[WhiteElo "2708"]
[BlackElo "2717"]
[WhiteTeam "Kazchess"]
[BlackTeam "Chessy"]
[WhiteFideId "4126025"]
[BlackFideId "24133795"]
[EventDate "2024.08.02"]

1. d4 Nf6 2. Bf4 d5 3. e3 e6 4. Nf3 Bd6 5. Ne5 O-O 6. Nd2 c5 7. c3 Qc7 8. Bd3 b6
9. Qe2 Nbd7 10. Ndf3 Ne4 11. O-O f6 12. Nxd7 Bxd7 13. Bxd6 Nxd6 1/2-1/2

[Event "FIDE World Rapid Team"]
[Site "Almaty KAZ"]
[Date "2024.08.03"]
[Round "7.4"]
[White "Erdogmus, Yagiz Kaan"]
[Black "Sadvakasov, Darmen"]
[Result "1-0"]
[WhiteTitle "IM"]
[BlackTitle "GM"]
[WhiteElo "2599"]
[BlackElo "2629"]
[WhiteTeam "Chessy"]
[BlackTeam "Kazchess"]
[WhiteFideId "44599790"]
[BlackFideId "13700464"]
[EventDate "2024.08.02"]

1. d4 Nf6 2. Bg5 e6 3. e4 h6 4. Bxf6 Qxf6 5. Nc3 d6 6. Qd2 c6 7. O-O-O e5 8. Nf3
Nd7 9. dxe5 dxe5 10. Nb5 Kd8 11. Qa5+ b6 12. Qc3 a6 13. Nd6 Kc7 14. Ne8+ 1-0

[Event "FIDE World Rapid Team"]
[Site "Almaty KAZ"]
[Date "2024.08.03"]
[Round "7.5"]
[White "Assaubayeva, Bibisara"]
[Black "Muzychuk, Anna"]
[Result "1-0"]
[WhiteTitle "IM"]
[BlackTitle "GM"]
[WhiteElo "2470"]
[BlackElo "2525"]
[WhiteTeam "Kazchess"]
[BlackTeam "Chessy"]
[WhiteFideId "13708694"]
[BlackFideId "14111330"]
[EventDate "2024.08.02"]

1. c4 e6 2. g3 d5 3. Bg2 Nf6 4. Nf3 d4 5. O-O Nc6 6. e3 e5 7. exd4 e4 8. d5 exf3
9. Qxf3 Ne5 10. Re1 Qe7 11. Qd1 Bg4 12. f3 Bxf3 13. Qa4+ Kd8 14. d4 Bxg2 15.
Rxe5 Qd7 16. Qxd7+ Nxd7 17. Kxg2 Nxe5 18. dxe5 Kd7 19. Bf4 g5 20. Be3 Rg8 21.
Nd2 Bg7 22. Bd4 Rae8 23. Re1 f5 24. Nf3 Bh8 25. e6+ Kd6 26. Bxh8 Rxh8 27. Nxg5
Kc5 28. Nf7 Rhg8 29. Ne5 Re7 30. b3 Rd8 31. Nd3+ Kd6 32. Re5 b6 33. Rxf5 c6 34.
Nb4 Rc8 35. Nxc6 Rxc6 36. dxc6 Rxe6 37. Rf7 Kxc6 38. Rxa7 Re2+ 39. Kh3 h5 40.
Rh7 1-0

[Event "FIDE World Rapid Team"]
[Site "Almaty KAZ"]
[Date "2024.08.03"]
[Round "7.6"]
[White "Ainakul, Mukhtar"]
[Black "Kabinazar, Nurmukhammed"]
[Result "1-0"]
[WhiteElo "1935"]
[BlackElo "2002"]
[WhiteTeam "Chessy"]
[BlackTeam "Kazchess"]
[WhiteFideId "13727354"]
[BlackFideId "13750186"]
[EventDate "2024.08.02"]

1. Nf3 Nf6 2. c4 e6 3. b3 Be7 4. Bb2 b6 5. e3 Bb7 6. Be2 O-O 7. O-O c5 8. Nc3 d5
9. cxd5 Nxd5 10. Rc1 Nd7 11. Nxd5 Bxd5 12. Rc2 Bf6 13. Qa1 Bxb2 14. Qxb2 Nf6 15.
Rfc1 Qd6 16. d4 Ne4 17. dxc5 Nxc5 18. Qe5 Qxe5 19. Nxe5 f6 20. Nd3 Nxd3 21. Bxd3
Rfd8 22. Ba6 Rd7 23. Bc8 Re7 24. Rc7 Kf8 25. f3 f5 26. Kf2 a5 27. Bd7 Kf7 28.
Bb5 Rd8 29. Rxe7+ Kxe7 30. Rc7+ Kf6 31. h4 h5 32. Kg3 g6 33. Kf4 e5+ 34. Kg3 Rd6
35. Be8 Be6 36. Rb7 Bd5 37. Rc7 Be6 38. Bb5 Rd5 39. Ba4 Rd6 40. a3 Bd5 41. b4
axb4 42. axb4 Be6 43. Be8 Rd8 44. Bc6 f4+ 45. exf4 exf4+ 46. Kxf4 Rd4+ 47. Be4
Rxb4 48. Rc6 Kf7 49. Kg5 Rb5+ 50. Kh6 Bf5 51. Bxf5 Rxf5 52. Rxb6 Rf6 53. Rxf6+
Kxf6 54. g4 hxg4 55. fxg4 1-0

[Event "FIDE World Rapid Team"]
[Site "Almaty KAZ"]
[Date "2024.08.03"]
[Round "7.8"]
[White "Urazayev, Arystanbek"]
[Black "Narayanan, S.L."]
[Result "0-1"]
[WhiteTitle "IM"]
[BlackTitle "GM"]
[WhiteElo "2466"]
[BlackElo "2649"]
[WhiteTeam "Astana-1"]
[BlackTeam "Team MGD1"]
[WhiteFideId "13709810"]
[BlackFideId "5058422"]
[EventDate "2024.08.02"]

1. e4 c5 2. Nf3 Nc6 3. Bb5 e6 4. Bxc6 bxc6 5. b3 f6 6. d3 d5 7. e5 Ne7 8. Bb2
Ng6 9. O-O Be7 10. Nbd2 O-O 11. Re1 f5 12. Nf1 Bd7 13. Qd2 f4 14. h3 a5 15. a4
Nh4 16. Nxh4 Bxh4 17. Nh2 Be8 18. Qe2 Rf5 19. Ba3 Bh5 20. Ng4 f3 21. gxf3 Qb6
22. Bc1 Bg5 23. f4 Bxf4 24. Bxf4 Rxf4 25. Nh6+ gxh6 26. Qxh5 c4 27. Re3 Kh8 28.
Qxh6 Rg8+ 29. Kh1 Rxf2 30. Re2 Rg6 31. Qd2 Qd4 32. Rae1 c3 33. Qc1 Rgg2 34. Qe3
Qxe3 35. Rxe3 Rh2+ 36. Kg1 Rfg2+ 37. Kf1 Rxc2 38. R3e2 Rcxe2 39. Rxe2 c2 0-1

[Event "FIDE World Rapid Team"]
[Site "Almaty KAZ"]
[Date "2024.08.03"]
[Round "7.9"]
[White "Sadhwani, Raunak"]
[Black "Zhalmakhanov, Ramazan"]
[Result "1-0"]
[WhiteTitle "GM"]
[BlackTitle "IM"]
[WhiteElo "2653"]
[BlackElo "2497"]
[WhiteTeam "Team MGD1"]
[BlackTeam "Astana-1"]
[WhiteFideId "35093487"]
[BlackFideId "13706357"]
[EventDate "2024.08.02"]

1. d4 d5 2. c4 e6 3. Nc3 c5 4. Nf3 Nc6 5. cxd5 exd5 6. dxc5 d4 7. Ne4 Bf5 8.
Nd6+ Bxd6 9. cxd6 Qxd6 10. a3 Nf6 11. e3 O-O-O 12. Bb5 Qc5 13. Qa4 Be4 14. Bd2
a6 15. Bc4 Bxf3 16. gxf3 Rhe8 17. O-O Qh5 18. Be2 Ne5 19. Kg2 Qg6+ 20. Kh1 Qh5
21. Rac1+ Kb8 22. Qa5 d3 23. Bd1 Rd5 24. Qc7+ Ka8 25. e4 Rd7 26. Qc5 Qh3 27. Kg1
Nxf3+ 28. Bxf3 Qxf3 29. Be3 Qg4+ 30. Kh1 Qxe4+ 31. Kg1 Qg4+ 32. Kh1 Qf3+ 33. Kg1
Qg4+ 34. Kh1 Qf3+ 35. Kg1 b5 36. Rfd1 Qg4+ 37. Kf1 Qe2+ 38. Kg1 Qg4+ 39. Kf1 Qe4
40. Kg1 Ng4 41. Re1 Ne5 42. Red1 Nf3+ 43. Kf1 Nd2+ 44. Kg1 Nf3+ 45. Kf1 Nxh2+
46. Kg1 Nf3+ 47. Kf1 Nd4 48. Qh5 Rd5 49. Qh3 Nc2 50. Re1 Qf5 51. Qg3 Nxe3+ 52.
Rxe3 Red8 53. Re7 R5d7 54. Qg2+ Kb8 55. Qg3+ Ka8 56. Qg2+ Kb8 57. Qg3+ Rd6 58.
Qe3 R8d7 59. Re8+ Kb7 60. Rcc8 d2 61. Rb8+ Kc6 62. Rec8+ Rc7 63. Qc3+ Kd5 64.
Qxd2+ Ke6 65. Qe3+ Kf6 66. Rxc7 Qb1+ 67. Kg2 Qg6+ 68. Qg3 1-0

[Event "FIDE World Rapid Team"]
[Site "Almaty KAZ"]
[Date "2024.08.03"]
[Round "7.10"]
[White "Kamalidenova, Meruert"]
[Black "Pranav, V"]
[Result "1-0"]
[WhiteTitle "IM"]
[BlackTitle "GM"]
[WhiteElo "2352"]
[BlackElo "2598"]
[WhiteTeam "Astana-1"]
[BlackTeam "Team MGD1"]
[WhiteFideId "13712802"]
[BlackFideId "25060783"]
[EventDate "2024.08.02"]

1. e4 e5 2. Nf3 Nc6 3. d4 exd4 4. Nxd4 Bc5 5. Nb3 Bb6 6. Nc3 Nf6 7. Bf4 d6 8.
Qd2 a5 9. Bb5 O-O 10. f3 Ne5 11. O-O-O c6 12. Be2 a4 13. Nd4 a3 14. b3 Re8 15.
g4 Ng6 16. Bg3 Ba5 17. Qe3 d5 18. Nf5 Bxf5 19. gxf5 Ne7 20. Be1 Nxf5 21. Qg5 Ne7
22. e5 Nd7 23. f4 f6 24. exf6 Nxf6 25. Rg1 Ng6 26. f5 Bxc3 27. Bxc3 Ne4 28. Qxd8
Raxd8 29. Bd4 Ne5 30. Bh5 Re7 31. Rde1 Rf8 32. Ref1 c5 33. f6 Rff7 34. fxe7 Rxe7
35. Rf6 Nxf6 36. Bxc5 Re6 37. Bd1 Ne4 38. Bxa3 g5 39. Bb2 h6 40. h4 Ng6 41. hxg5
Nxg5 42. a4 Nf4 43. Rf1 Re4 44. Kb1 Nfe6 45. Bh5 Nf4 46. Bg4 Nfe6 47. Bf5 Rh4
48. Re1 Kf7 49. Re5 Nf4 50. Bc8 b6 51. Bc1 Nge6 52. Bxe6+ Nxe6 53. Rxd5 h5 54.
Be3 Re4 55. Bxb6 h4 56. a5 Nf4 57. Rd7+ Kg6 58. a6 Re8 59. Bc7 Ne6 60. Bh2 Ra8
61. a7 Nc5 62. Rc7 Ne6 63. Rb7 Nc5 64. Rb5 Ne4 65. Ra5 Nd2+ 66. Kb2 Nf3 67. Bb8
h3 68. b4 h2 69. Ra1 Nd4 70. Bxh2 Nc6 71. b5 1-0

[Event "FIDE World Rapid Team"]
[Site "Almaty KAZ"]
[Date "2024.08.03"]
[Round "7.11"]
[White "Dronavalli, Harika"]
[Black "Agmanov, Zhandos"]
[Result "0-1"]
[WhiteTitle "GM"]
[BlackTitle "IM"]
[WhiteElo "2502"]
[BlackElo "2458"]
[WhiteTeam "Team MGD1"]
[BlackTeam "Astana-1"]
[WhiteFideId "5015197"]
[BlackFideId "13708309"]
[EventDate "2024.08.02"]

1. Nf3 Nf6 2. g3 d5 3. Bg2 e6 4. O-O Be7 5. d4 O-O 6. c4 c6 7. Qc2 b6 8. Rd1
Nbd7 9. Bf4 Bb7 10. Ne5 Nh5 11. Bc1 Nhf6 12. cxd5 cxd5 13. Nc6 Bxc6 14. Qxc6 a6
15. Qc2 b5 16. Nd2 Rc8 17. Qd3 Nb6 18. e4 dxe4 19. Nxe4 Nfd5 20. a3 Na4 21. b3
Nac3 22. Re1 Nxe4 23. Bxe4 h6 24. Bd2 Qd7 25. a4 Nb4 26. Bxb4 Bxb4 27. Red1 Rc3
28. Qb1 bxa4 29. bxa4 a5 30. d5 e5 31. d6 f5 32. Bd3 Bxd6 33. Bxf5 Qxf5 34. Qxf5
Rxf5 35. Rxd6 Rc2 36. Rf1 e4 37. Rd4 Re2 38. h4 Kh7 39. Rc4 Kg6 40. Rc6+ Kh7 41.
Rc4 Rf3 42. Kg2 Ra3 43. Kh3 Rf3 44. Kg2 Rf5 45. Kg1 h5 46. Rd4 Kh6 47. Rd6+ g6
48. Rd4 Rf3 49. Kg2 Ra3 50. Rc4 Raa2 51. Kg1 e3 52. Rf4 Red2 53. Re4 exf2+ 54.
Kg2 Rd3 55. g4 hxg4 56. Rxg4 Rda3 57. Rxf2 Rxa4 58. Rxa4 Rxa4 59. Rf8 Rxh4 60.
Rh8+ Kg5 61. Rb8 Rb4 62. Ra8 a4 63. Ra6 Kf5 64. Kf3 Rb3+ 65. Ke2 a3 66. Kd2 g5
67. Ra5+ Kf4 68. Kc2 Re3 69. Kd2 g4 70. Ra8 Rf3 71. Ra4+ Kg3 72. Ke2 Rb3 73. Kd2
Kh3 74. Kc2 Rf3 75. Ra8 g3 76. Rh8+ Kg2 0-1

[Event "FIDE World Rapid Team"]
[Site "Almaty KAZ"]
[Date "2024.08.03"]
[Round "7.12"]
[White "Naimanov, Rinat"]
[Black "Shah Mihir"]
[Result "0-1"]
[WhiteElo "1749"]
[BlackElo "1801"]
[WhiteTeam "Astana-1"]
[BlackTeam "Team MGD1"]
[WhiteFideId "13785109"]
[BlackFideId "46628878"]
[EventDate "2024.08.02"]

1. e4 c6 2. d4 d5 3. exd5 cxd5 4. c4 Nf6 5. Nc3 g6 6. Qb3 Bg7 7. cxd5 O-O 8. Be2
Na6 9. Bf3 Qb6 10. Qxb6 axb6 11. Nge2 Nb4 12. O-O Rd8 13. Bg5 Nbxd5 14. Nxd5
Nxd5 15. Nc3 Be6 16. Nb5 h6 17. Bh4 g5 18. Bg3 Rac8 19. Rac1 Rc6 20. a4 Rdc8 21.
Nc3 Nxc3 22. Rxc3 Rxc3 23. bxc3 Rxc3 24. Be5 Bxe5 25. dxe5 Ra3 26. Bxb7 Rxa4 27.
h3 Ra7 28. Bc6 Rc7 29. Bf3 Rc5 30. Rb1 b5 31. Bg4 Bc4 32. e6 f5 0-1

[Event "FIDE World Rapid Team"]
[Site "Almaty KAZ"]
[Date "2024.08.03"]
[Round "7.13"]
[White "Teclaf, Pawel"]
[Black "Tin, Jingyao"]
[Result "1/2-1/2"]
[WhiteTitle "GM"]
[BlackTitle "GM"]
[WhiteElo "2553"]
[BlackElo "2575"]
[WhiteTeam "Q4Rail Kingsofchess Krakow"]
[BlackTeam "Theme International Trading"]
[WhiteFideId "1185934"]
[BlackFideId "5804418"]
[EventDate "2024.08.02"]

1. Nf3 d5 2. e3 Nf6 3. c4 c6 4. Nc3 e6 5. b3 Nbd7 6. Qc2 Bd6 7. Be2 O-O 8. Bb2
Qe7 9. O-O Re8 10. Rad1 dxc4 11. Bxc4 Nb6 12. d4 Nxc4 13. bxc4 Nd7 14. Ne4 Bc7
15. Qb3 b6 16. Ba3 c5 17. dxc5 Nxc5 18. Nxc5 bxc5 19. Qb5 Bb6 20. Ne5 Bb7 21.
Rd7 Qg5 22. Rxb7 Qxe5 23. Rd1 Red8 24. Rbd7 Rxd7 25. Qxd7 h6 26. g3 Rd8 27. Qa4
Rxd1+ 28. Qxd1 Qc3 29. Qb3 Qd2 30. Qb5 Qxa2 31. Bxc5 Bxc5 32. Qxc5 Qb1+ 33. Kg2
Qb7+ 34. Kg1 Qb1+ 35. Kg2 Qb7+ 36. Kg1 f6 37. Qd6 Qb1+ 38. Kg2 Qe4+ 39. Kg1 Qxc4
40. Qb8+ Kh7 41. Qxa7 Qc1+ 42. Kg2 Qc6+ 43. Kg1 e5 44. Qf7 Qc1+ 45. Kg2 Qc6+ 46.
Kg1 Qf3 47. h4 h5 48. Qe8 Qd1+ 1/2-1/2

[Event "FIDE World Rapid Team"]
[Site "Almaty KAZ"]
[Date "2024.08.03"]
[Round "7.14"]
[White "Jumabayev, Rinat"]
[Black "Gareyev, Timur"]
[Result "1/2-1/2"]
[WhiteTitle "GM"]
[BlackTitle "GM"]
[WhiteElo "2577"]
[BlackElo "2541"]
[WhiteTeam "Theme International Trading"]
[BlackTeam "Q4Rail Kingsofchess Krakow"]
[WhiteFideId "13702661"]
[BlackFideId "14200937"]
[EventDate "2024.08.02"]

1. d4 Nf6 2. Nf3 a6 3. Bf4 Nh5 4. Bd2 Nf6 5. c4 b5 6. e3 bxc4 7. Bxc4 e6 8. O-O
d5 9. Bd3 Bd6 10. Qb3 O-O 11. Bb4 Nc6 12. Bxd6 cxd6 13. Rc1 Rb8 14. Qc3 Bd7 15.
Nbd2 Qb6 16. Qa3 e5 17. Qxd6 e4 18. Ne5 Nxe5 19. Qxb6 Rxb6 20. dxe5 Rxb2 21.
exf6 Rxd2 22. Bxa6 Ra8 23. Bb7 Ra7 24. Bc6 Bxc6 25. Rxc6 gxf6 26. g4 Kg7 27. Rd6
Ra3 28. h4 Rc3 29. a4 Rcc2 30. Rf1 Ra2 31. g5 fxg5 32. hxg5 Rxa4 33. Rc1 d4 34.
exd4 Ra5 35. Rc5 Ra1+ 36. Kg2 e3 37. Rf5 e2 38. Rd7 Rg1+ 39. Kh2 Rh1+ 40. Kg2
e1=Q 41. Rdxf7+ Kg6 42. R7f6+ Kh5 43. g6+ Kg4 44. Rf4+ Kg5 45. R4f5+ Kh6 46. g7+
Kxg7 47. Rf7+ Kg6 48. R7f6+ 1/2-1/2

[Event "FIDE World Rapid Team"]
[Site "Almaty KAZ"]
[Date "2024.08.03"]
[Round "7.15"]
[White "Bernadskiy, Vitaliy"]
[Black "Siddharth, Jagadeesh"]
[Result "1-0"]
[WhiteTitle "GM"]
[BlackTitle "IM"]
[WhiteElo "2530"]
[BlackElo "2516"]
[WhiteTeam "Q4Rail Kingsofchess Krakow"]
[BlackTeam "Theme International Trading"]
[WhiteFideId "14100371"]
[BlackFideId "5818320"]
[EventDate "2024.08.02"]

1. e4 c6 2. d4 d5 3. Nc3 dxe4 4. Nxe4 Nd7 5. Ng5 Ngf6 6. Bc4 e6 7. Qe2 Nb6 8.
Bb3 h6 9. N5f3 a5 10. a4 c5 11. dxc5 Bxc5 12. Ne5 Qc7 13. Ngf3 Bb4+ 14. Kf1 O-O
15. Bf4 Bd6 16. Nd4 Nbd5 17. Bg3 Bd7 18. Rd1 Be8 19. Ng6 Bxg3 20. hxg3 fxg6 21.
Nxe6 Qf7 22. Rxd5 Nxd5 23. Bxd5 Bc6 24. Bxc6 bxc6 25. Nxf8 Rxf8 26. Rh4 g5 27.
Re4 Kh8 28. b3 Qf6 29. Kg1 Qc3 30. g4 Rd8 31. g3 Qf6 32. Re6 Qc3 33. Qe5 Qxe5
34. Rxe5 Ra8 35. Kf1 Kg8 36. Re6 Rc8 37. Re7 Rd8 38. Re5 Ra8 39. Rc5 Ra6 40. Ke2
Kf7 41. Kd3 Ke6 42. Kc4 Kd6 43. Rf5 Ra7 44. c3 Ke6 45. Kc5 Ra6 46. Rf8 Ke7 47.
Rg8 Kf7 48. Rc8 g6 49. Rc7+ Kg8 50. Re7 Kf8 51. Rh7 Kg8 52. Rxh6 Kg7 53. Rh1 Ra8
54. Rd1 Rf8 55. Rd2 Rf3 56. Rc2 Kh6 57. Kxc6 Rd3 58. Kb6 Rd5 59. c4 Re5 60. c5
Re6+ 61. Kxa5 Rf6 62. c6 Rf7 63. f4 1-0